Statistics for Final Fantasy Villains

Click here to take the quiz!

General Stats

  • This quiz has been taken 75 times
  • The average score is 16 of 27

Answer Stats

HintAnswer% Correct
FF VIIFormer SOLDIER who wants to mortally wound the planet so he can become its new godSephiroth
98%
FF VIIHis mother, a calamity from the skies and NOT an AncientJenova
86%
FF VIIMad scientist who experimented on the above to create the above-aboveHojo
81%
FF IXAmbitious weapons dealer from another worldKuja
81%
FF VIIISorceress who wants to time-compress the worldUltimecia
79%
FF XMonster that terrorizes SpiraSin
74%
FF XMan who became the latest iteration of the above. Not a great fatherJecht
72%
FF VIIRed-headed TurkReno
72%
FF VIINew president of Shinra following his father's murderRufus
72%
FF VIIISorceress' knight, Squall's rivalSeifer
72%
FF VIIQuiet TurkRude
70%
FF VIIFemale TurkElena
65%
FF VIILeader of the TurksTseng
65%
FF XMaester who wants Yuna to help him become the next above-above-aboveSeymour
60%
FF VIIISorceress who used to run an orphanageEdea
56%
FF VIIMidgar crime lord with a thing for the ladiesDon Corneo
53%
FF XSummoner who invented the technique for destroying the above-above-above-aboveYunalesca
51%
FF IXBadass general of AlexandriaBeatrix
47%
FF XSummoner responsible for the above-aboveYu Yevon
47%
FF IXOverlord of Terra and the creator of the aboveGarland
44%
FF VIIIOne of his sidekicks, ya know?Raijin
44%
FF VIIIHIS OTHER SIDEKICKFujin
42%
FF IXPower-hungry queen of AlexandriaBrahne
35%
FF IXRed rhyming jesterThorn
33%
FF VIIISorceress who used to run EstharAdel
30%
FF IXOne of three super-powered black mages sent to capture Princess GarnetBlack Waltz
30%
FF IXBlue rhyming jesterZorn
30%

Score Distribution

Percentile by Number Answered

Percent of People with Each Score

Your Score History

You have not taken this quiz